000 00370nam a2200145Ia 4500
100 _aGolding/E.W & Widdis F.C
650 _aElectrical Engineering
942 _cBK
654 _aMeasuring Instruments
245 _aElectrical Measurements & Measuring Instruments
260 _bEnglish Language
_aLondon
_c1970
082 _a621.3
300 _a952
546 _aENGLISH
999 _c23220
_d23220